Australian cities multiple choice: Bairnsdale - Statistics

General Stats
  • This quiz has been taken 4 times
  • The average score is 9 of 15
Answer Stats
Question Answer % Correct
The East Gippsland Rail Trail runs along the old railway land from Bairnsdale to which town? Orbost
100%
What is the elevation of the centre of town? 14 metres
75%
What sport do the Redlegs play? AFL
75%
Why were human remains moved from the original main cemetery to a new site? Flooding
75%
What is the nearest capital city? Melbourne
75%
Which river wraps around the city? Mitchell
75%
Which of these people did NOT grow up in Bairnsdale? Singer Nellie Melba
75%
In which state is Bairnsdale? Victoria
75%
Where's the airport? Bairnsdale
50%
What is the origin of the name Bairnsdale? Nobody knows
50%
Bairnsdale was the first place in Australia outside a capital city to have its own... television station
50%
What was the old name of Paynesville? Toonalook
50%
Where is the Forge Theatre? Bairnsdale Aquatic and Recreation Centre
25%
The war memorial in the Main Street Gardens commemorates locals who died in which conflict? Boer War
25%
Where does that river form? Lake Tabberabbera
25%
No matching quizzes found
Score Distribution
Percent of People with Each Score
Percentile by Number Answered
Your Score History
You have not taken this quiz